Los ojos de los pobres / (Record no. 189169)

MARC details
000 -LEADER
campo de control de longitud fija 00850nam a2200253 i 4500
001 - NÚMERO DE CONTROL
campo de control 189169
003 - IDENTIFICADOR DE NÚMERO DE CONTROL
campo de control SpMaBN
005 - FECHA Y HORA DE LA ÚLTIMA TRANSACCIÓN
campo de control 20251217063025.0
008 - DATOS DE LONGITUD FIJA--INFORMACIÓN GENERAL
campo de control de longitud fija 190412s2005 sp co |||| | spa d
020 ## - NÚMERO INTERNACIONAL ESTÁNDAR DEL LIBRO
Número Internacional Estándar del Libro 84-8307-708-6
080 ## - NÚMERO DE LA CLASIFICACIÓN DECIMAL UNIVERSAL
Número de la Clasificación Decimal Universal 77 Guerrero, Joan
080 ## - NÚMERO DE LA CLASIFICACIÓN DECIMAL UNIVERSAL
Número de la Clasificación Decimal Universal 308-058.34(8=134)(0:77)
080 ## - NÚMERO DE LA CLASIFICACIÓN DECIMAL UNIVERSAL
Número de la Clasificación Decimal Universal 821.134.2-1"19"
100 1# - ENTRADA PRINCIPAL--NOMBRE DE PERSONA
Nombre de persona Guerrero, Joan,
Fechas asociadas al nombre 1940-
9 (RLIN) 166819
245 14 - MENCIÓN DEL TÍTULO
Título Los ojos de los pobres /
Mención de responsabilidad, etc. Pedro Casaldáliga [poemas] ; Joan Guerrero [fotografías] ; prólogo de Francesc Escribano.
250 ## - MENCION DE EDICION
Mención de edición 1ª ed.
260 ## - PUBLICACIÓN, DISTRIBUCIÓN, ETC.
Lugar de publicación, distribución, etc. Barcelona :
Nombre del editor, distribuidor, etc. Península,
Fecha de publicación, distribución, etc. 2005.
300 ## - DESCRIPCIÓN FÍSICA
Extensión 217 p. :
Otras características físicas il., fot. ;
Dimensiones 26 x 26 cm.
650 #7 - PUNTO DE ACCESO ADICIONAL DE MATERIA--TÉRMINO DE MATERIA
Término de materia o nombre geográfico como elemento de entrada Pobres-
Subdivisión de forma Obras ilustradas.
9 (RLIN) 166820
650 #4 - PUNTO DE ACCESO ADICIONAL DE MATERIA--TÉRMINO DE MATERIA
Término de materia o nombre geográfico como elemento de entrada Fotografía-
Subdivisión cronológica S.XX.
9 (RLIN) 155849
700 1# - ENTRADA AGREGADA--NOMBRE PERSONAL
Nombre de persona Casaldáliga, Pedro.
9 (RLIN) 36062
852 ## - LOCALIZACIÓN
Ubicación ES-MaACL
Número de control de estantería N-7461
Nota libre - Enc. cart.
Holdings
Estatus retirado Estado de pérdida Estado de daño No para préstamo Biblioteca de origen Biblioteca actual Ubicación en estantería Fecha de adquisición Fuente de adquisición Total de préstamos Signatura topográfica completa Código de barras Visto por última vez Precio de reemplazo Tipo de ítem Koha
        Biblioteca del Ateneo de Madrid Biblioteca del Ateneo de Madrid Sala Pecera Depósito 2 12/04/2019     N-7461 1200353 23/02/2023 23/02/2023 Libro impreso